书目信息 |
| 题名: |
全国二级建造师执业资格考试真题考点一本通
|
|
| 作者: | ;执业资格考试命题研究中心 编 | |
| 分册: | 建筑工程管理与实务 | |
| 出版信息: | 南京 江苏科学技术出版社 2013 |
|
| 页数: | 306页 | |
| 开本: | 26cm | |
| 丛书名: | ||
| 单 册: | ||
| 中图分类: | TU-47 , TU71 | |
| 科图分类: | ||
| 主题词: | 建筑师--资格考试--自学参考资料 , 建筑师 , 建筑工程 , 建筑工程--施工管理--资格考试--自学参考资料 , 施工管理 | |
| 电子资源: | ||
| ISBN: | 978-7-5537-0488-3 | |
| 000 | 01040nam0 2200277 450 | |
| 001 | 141488 | |
| 005 | 20141106155742.81 | |
| 010 | @a978-7-5537-0488-3@dCNY 49.00 | |
| 100 | @a20130128d2013 em y0chiy50 ea | |
| 101 | 0 | @achi |
| 102 | @aCN@b320000 | |
| 105 | @ay zq 000yy | |
| 200 | 1 | @a全国二级建造师执业资格考试真题考点一本通@92013 quan guo er ji jian zao shi zhi ye zi ge kao shi zhen ti kao dian yi ben tong@i建筑工程管理与实务@b专著@e2013@f执业资格考试命题研究中心编 |
| 210 | @a南京@c江苏科学技术出版社@d2013 | |
| 215 | @a306页@d26cm | |
| 330 | @a本书内容包括:建筑工程技术、建筑工程施工管理实务、建筑工程法规及相关知识、2012年度全国二级建造师执业资格考试试卷。 | |
| 606 | 0 | @a建筑师@x资格考试@j自学参考资料 |
| 606 | 0 | @a建筑师 |
| 606 | 0 | @a建筑工程 |
| 606 | 0 | @a建筑工程@x施工管理@x资格考试@j自学参考资料 |
| 606 | 0 | @a施工管理 |
| 690 | @aTU-47@v5 | |
| 690 | @aTU71@v5 | |
| 711 | 02 | @a执业资格考试命题研究中心@9zhi ye zi ge kao shi ming ti yan jiu zhong xin@4编 |
| 801 | 0 | @c20141106 |
| 905 | @a241430@dTU-47@eZ4731 | |
| 全国二级建造师执业资格考试真题考点一本通.建筑工程管理与实务:2013/执业资格考试命题研究中心编.-南京:江苏科学技术出版社,2013 |
| 306页;26cm |
| ISBN 978-7-5537-0488-3:CNY 49.00 |
| 本书内容包括:建筑工程技术、建筑工程施工管理实务、建筑工程法规及相关知识、2012年度全国二级建造师执业资格考试试卷。 |
| ● |
| 相关链接 |
|
|
|
正题名:全国二级建造师执业资格考试真题考点一本通
索取号:TU-47/Z4731
 
预约/预借
| 序号 | 登录号 | 条形码 | 馆藏地/架位号 | 状态 | 备注 |
| 1 | 0838080 | 208380802 | 建筑库101/101建筑库 12排3列2层/ [索取号:TU-47/Z4731] | 在馆 | |
| 2 | 0838081 | 208380811 | 建筑库101/101建筑库 12排3列2层/ [索取号:TU-47/Z4731] | 在馆 | |
| 3 | 0838082 | 208380820 | 建筑库101/101建筑库 12排3列2层/ [索取号:TU-47/Z4731] | 在馆 |